<?xml version="1.0" encoding="UTF-8"?>
<collection xmlns="http://www.loc.gov/MARC21/slim">
 <record>
  <leader>01095nam a2200217Ia 4500</leader>
  <controlfield tag="001">CTU_224898</controlfield>
  <controlfield tag="008">210402s9999    xx            000 0 und d</controlfield>
  <datafield tag="020" ind1=" " ind2=" ">
   <subfield code="c">81000</subfield>
  </datafield>
  <datafield tag="082" ind1=" " ind2=" ">
   <subfield code="a">610.73</subfield>
  </datafield>
  <datafield tag="082" ind1=" " ind2=" ">
   <subfield code="b">Ph513</subfield>
  </datafield>
  <datafield tag="100" ind1=" " ind2=" ">
   <subfield code="a">Ngô, Kim Phụng</subfield>
  </datafield>
  <datafield tag="245" ind1=" " ind2="0">
   <subfield code="a">Giáo trình điều dưỡng chuyên khoa hệ ngoại</subfield>
  </datafield>
  <datafield tag="245" ind1=" " ind2="0">
   <subfield code="c">Ngô Kim Phụng (Biên soạn)</subfield>
  </datafield>
  <datafield tag="260" ind1=" " ind2=" ">
   <subfield code="a">Cần Thơ</subfield>
  </datafield>
  <datafield tag="260" ind1=" " ind2=" ">
   <subfield code="b">Đại học Cần Thơ</subfield>
  </datafield>
  <datafield tag="260" ind1=" " ind2=" ">
   <subfield code="c">2017</subfield>
  </datafield>
  <datafield tag="520" ind1=" " ind2=" ">
   <subfield code="a">Giáo trình này bao gồm các bài giảng thuộc chuyên ngành về chăm sóc người bệnh Mắt, Tai mũi họng và Răng hàm mặt. Nội dung nhằm đáp ứng phần nào nhu cầu đào tạo trong lĩnh vực Điều dưỡng tại các trường đại học.</subfield>
  </datafield>
  <datafield tag="526" ind1=" " ind2=" ">
   <subfield code="b">Nhà xuất bản Đại học Cần Thơ tặng</subfield>
  </datafield>
  <datafield tag="650" ind1=" " ind2=" ">
   <subfield code="a">Surgical nursing,Nursing Process,Nursing Process,Điều dưỡng ngoại khoa,Quy trình điều dưỡng</subfield>
  </datafield>
  <datafield tag="904" ind1=" " ind2=" ">
   <subfield code="i">Tuyến</subfield>
  </datafield>
  <datafield tag="980" ind1=" " ind2=" ">
   <subfield code="a">Trung tâm Học liệu Trường Đại học Cần Thơ</subfield>
  </datafield>
 </record>
</collection>
